Most famous people from USA - Statistics

General Stats
  • This quiz has been taken 134 times
  • The average score is 6 of 15
Answer Stats
Hint Answer % Correct
President Donald Trump
91%
President Barack Obama
78%
President Washington
72%
President Abraham Lincoln
66%
Civil rigth activist Martin Luther King
66%
Billionaire Bill Gates
65%
Youtuber Mr Beast
47%
Singer Michael Jackson
38%
Signer of the independence declaration Benjamin Franklin
32%
US general Eisenhower
26%
Singer Elvis
24%
Business owner Henry Ford
12%
Actor Dwyane / Rock
11%
Business owner Walt Disney
4%
Entrepreneur Kim kardashian
2%
No matching quizzes found
Score Distribution
Percent of People with Each Score
Percentile by Number Answered
Your Score History
You have not taken this quiz